000 00357nam a2200169Ia 4500
100 _aDubey/Gopal K
250 _a2
942 _cBK
366 _f15
654 _aelectrical drives
245 _aFundamentals of Electrical drives
260 _bNarosa Pub House
_c1995
082 _a621.3135
_bDUB
300 _a392
546 _aENGLISH
999 _c33477
_d33477